Datum a čas kvízu
27.5
Celkem bodů
Celkový počet nahraných bodů na tomto kvízu bez doplňovacích otázek.
6.
Pořadí na kvízu
Konečné umístění týmu na tomto kvízu.
Zaznamenané odpovědi
| # | Otázka | Odpověď | Body | Výsledky |
|---|---|---|---|---|
| 1. | Hned tři akce naráz přerušilo... | Kateřina Marie Tichá | 0 | |
| 2. | Francouzský europoslanec Rapha... | socha Svobody | 1 | |
| 3. | Minulý týden jsme se dozvěděli... | o akvadukt | 0 | |
| 4. | Česká společnost Snuggs se sta... | menstruační kalhotky | 1 | |
| 5. | Jak se jmenuje vítěz ankety Fo... | Tomáš Souček; West Ham (United) | 0 | |
| 6. | Podíváme se na temné stránky d... | A) Diviš Bořek z Miletínka | 1 | |
| 7. | Doba pobělohorská znamenala zá... | Obnovené zřízení zemské | 0 | |
| 8. | První světová válka znamenala... | Osmanská říše | 0 | |
| 9. | V období tzv. Protektorátu se... | Josef Balabán, Josef Mašín, Václav Morávek | 0.5 | |
| 10. | Jedním z nejkontroverznějších... | v roce 1953, Antonín Zápotocký | 0 |